A clinical companion to biochemical studies /

Bibliographic Details
Main Author: Schwarz, Victor
Format: Book
Language:English
Published: Reading [England] ; San Francisco : Freeman, [1978]
Subjects:

MARC

Tag First Indicator Second Indicator Subfields
LEADER 00000cam a2200000 a 4500
001 in00000040251
005 20151007072406.0
008 771019s1978 enkaf b 00110 engm
010 |a  77017132  
020 |z 0716700786. 
020 |a 0716700778 (pbk.) 
035 |a (OCoLC)03414545 
035 |9 AAE7794AM 
040 |a DLC  |c DLC  |d CLU  |d OCL  |d TXA  |d UtOrBLW 
049 |a TXAM  |c [804049] 
050 0 0 |a RB113  |b .S39 
060 0 |a WD 200 S405c 1978 
082 0 |a 616.07 
100 1 |a Schwarz, Victor. 
245 1 2 |a A clinical companion to biochemical studies /  |c Victor Schwarz. 
264 1 |a Reading [England] ;  |a San Francisco :  |b Freeman,  |c [1978] 
264 4 |c ©1978 
300 |a xiii, 114 pages, 4 unnumbered pages of plates :  |b illustrations ;  |c 25 cm. 
336 |a text  |b txt  |2 rdacontent 
337 |a unmediated  |b n  |2 rdamedia 
338 |a volume  |b nc  |2 rdacarrier 
504 |a Includes bibliographical references and index. 
541 0 |a Donated by Dr. H.O. Kunkel, Texas A&M University ; June, 1998. 
650 0 |a Physiology, Pathological  |v Case studies. 
650 0 |a Biochemistry  |x Case studies. 
650 2 |a Biochemistry. 
650 2 |a Metabolic Diseases  |x case studies. 
999 |a MARS 
999 f f |s a6e14a16-391f-3fb7-9205-eefbb4e8fe65  |i d6f112a2-9123-3601-8a6e-15fafabe9ca7  |t 0 
952 f f |p ric  |a Texas A&M University  |b Rellis Campus  |c Joint Library Facility  |s JLF  |d Remote Storage  |t 0  |e RB113 .S39  |h Library of Congress classification  |i unmediated -- volume  |m A14823933740 
998 f f |a RB113 .S39  |t 0  |l Remote Storage